[Event "Budapest Titan Cup 1st"]
[Site "Budapest"]
[Date "2017.01.08"]
[Round "4"]
[White "Kocsis, Peter"]
[Black "Marcu, Simon"]
[Result "1/2-1/2"]
[WhiteElo "1647"]
[BlackElo "1922"]
[PlyCount "121"]
[EventDate "2017.01.06"]
[EventType "swiss"]
[EventRounds "5"]
[EventCountry "HUN"]
[SourceTitle "CBM 176 Extra"]
[Source "ChessBase"]
[SourceDate "2017.03.02"]
[SourceVersion "1"]
[SourceVersionDate "2017.03.02"]
[SourceQuality "1"]

1. c4 e6 2. Nc3 d5 3. d4 c6 4. cxd5 exd5 5. Nf3 Bd6 6. Bg5 f6 7. Bh4 Bf5 8. e3 Ne7 9. Bg3 0-0 10. Nh4 Be6 11. Bd3 g6 12. a3 f5 13. Bxd6 Qxd6 14. f4 c5 15. Ne2 c4 16. Bc2 b5 17. 0-0 Nd7 18. Qd2 a5 19. Rfb1 b4 20. axb4 axb4 21. Bd1 Nf6 22. Nf3 Ne4 23. Qc1 Nc6 24. Nd2 Nxd2 25. Qxd2 Qe7 26. g3 Qb7 27. Qc1 Bd7 28. Kf2 Rxa1 29. Rxa1 Ra8 30. Rxa8+ Qxa8 31. Qb1 Qa5 32. Nc1 b3 33. Ne2 Qa2 34. Nc3 Qxb1 35. Nxb1 Nb4 36. Be2 Kf7 37. h4 Ke6 38. Nc3 Kd6 39. Ke1 Na2 40. Kd2 h5 41. Bf1 Bc6 42. Be2 Kc7 43. Bf3 Nb4 44. Be2 Kb6 45. Bf1 Ka5 46. Be2 Na2 47. Bf3 Nb4 48. Be2 Kb6 49. Bf1 Kc7 50. Be2 Kd6 51. Bf1 Ke6 52. Be2 Na6 53. Bf1 Kd6 54. Be2 Nc7 55. Bf3 Ne8 56. Bg2 Nf6 57. Bf3 Kc7 58. Ke2 Kb6 59. Kd2 Ka5 60. Ke2 Kb4 61. Kd2 1/2-1/2

[Event "Budapest FS12 FM-B"]
[Site "Budapest"]
[Date "2015.12.09"]
[Round "5"]
[White "Sulcz, Istvan"]
[Black "Marcu, Simon"]
[Result "1-0"]
[WhiteElo "1913"]
[BlackElo "1889"]
[PlyCount "133"]
[EventDate "2015.12.05"]
[EventType "tourn"]
[EventRounds "9"]
[EventCountry "HUN"]
[SourceTitle "CBM 170 Extra"]
[Source "ChessBase"]
[SourceDate "2016.02.25"]
[SourceVersion "1"]
[SourceVersionDate "2016.02.25"]
[SourceQuality "1"]

1. d4 d5 2. Nf3 e6 3. c4 Nf6 4. g3 Ne4 5. Bg2 Be7 6. 0-0 0-0 7. Qc2 b6 8. b3 Bb7 9. Bb2 Nd7 10. Nbd2 f5 11. e3 c5 12. cxd5 exd5 13. dxc5 bxc5 14. Rfd1 Rc8 15. Ne5 Nxe5 16. Bxe5 Bf6 17. Qb2 Qe7 18. Bxf6 Qxf6 19. Qxf6 Rxf6 20. Rac1 Kf8 21. Rc2 Ke7 22. Nxe4 fxe4 23. Rdc1 Kd6 24. Rd2 Ke5 25. Rdc2 Rfc6 26. f4+ exf3 27. Bxf3 Ba6 28. b4 c4 29. a4 Rf6 30. Bg2 Rcf8 31. e4 Bb7 32. exd5 Bxd5 33. Bxd5 Kxd5 34. Rxc4 Rf1+ 35. Kg2 R8f2+ 36. Kh3 Rxc1 37. Rxc1 Kd6 38. Rc5 Rb2 39. Ra5 Rxb4 40. Rxa7 g5 41. Rxh7 Rxa4 42. Rg7 Ra5 43. Kg4 Ra2 44. h3 Ke5 45. Rxg5+ Kf6 46. Rf5+ Kg6 47. h4 Ra4+ 48. Rf4 Ra3 49. Rb4 Ra6 50. h5+ Kh6 51. Kh4 Ra1 52. Rb6+ Kh7 53. g4 Ra4 54. Rb5 Kh6 55. Rb6+ Kh7 56. Kg5 Ra5+ 57. Kf6 Ra1 58. Rb7+ Kh6 59. g5+ Kxh5 60. Rh7+ Kg4 61. g6 Rf1+ 62. Kg7 Kg5 63. Rh2 Rb1 64. Kh7 Kf6 65. g7 Rb7 66. Rf2+ Kg5 67. Kh8 1-0

[Event "Budapest Art Pub op 9th"]
[Site "Budapest"]
[Date "2015.11.21"]
[Round "3"]
[White "Piroska, Istvan"]
[Black "Marcu, Simon"]
[Result "1-0"]
[WhiteElo "2085"]
[BlackElo "1872"]
[PlyCount "55"]
[EventDate "2015.11.20"]
[EventType "swiss"]
[EventRounds "6"]
[EventCountry "HUN"]
[SourceTitle "CBM 169 Extra"]
[Source "ChessBase"]
[SourceDate "2015.12.18"]
[SourceVersion "1"]
[SourceVersionDate "2015.12.18"]
[SourceQuality "1"]

1. e4 e5 2. Nf3 Nc6 3. Bc4 Bc5 4. Nc3 Nf6 5. d3 h6 6. a4 0-0 7. 0-0 d6 8. h3 a6 9. Ne2 Rb8 10. c3 b5 11. axb5 axb5 12. Bb3 Bb6 13. Ng3 Kh7 14. Bc2 Ng8 15. d4 g6 16. Qd3 exd4 17. Nxd4 Bxd4 18. cxd4 Nb4 19. Qc3 Nxc2 20. Qxc2 f5 21. exf5 Bxf5 22. Nxf5 Rxf5 23. Ra7 Rc8 24. Bd2 Nf6 25. Rc1 Ne8 26. Re1 Qf6 27. Rxe8 Rxe8 28. Qxc7+ 1-0

[Event "Budapest Art Pub op 9th"]
[Site "Budapest"]
[Date "2015.11.20"]
[Round "1"]
[White "Marcu, Simon"]
[Black "Forgacs, Attila Jr"]
[Result "1-0"]
[WhiteElo "1872"]
[BlackElo "1478"]
[PlyCount "55"]
[EventDate "2015.11.20"]
[EventType "swiss"]
[EventRounds "6"]
[EventCountry "HUN"]
[SourceTitle "CBM 169 Extra"]
[Source "ChessBase"]
[SourceDate "2015.12.18"]
[SourceVersion "1"]
[SourceVersionDate "2015.12.18"]
[SourceQuality "1"]

1. d4 Nf6 2. g3 g6 3. Bg2 Bg7 4. e4 d6 5. Ne2 0-0 6. 0-0 Nbd7 7. c4 e5 8. d5 Nc5 9. Nbc3 Nh5 10. b4 Nd7 11. Bd2 Re8 12. Qc2 Nf8 13. c5 f5 14. Rac1 Bd7 15. a4 Nf6 16. Nb5 a6 17. Nbc3 fxe4 18. Bxe4 Nxe4 19. Nxe4 Bf5 20. f3 Nd7 21. Qc4 Bxe4 22. fxe4 Rc8 23. c6 Nb6 24. Qb3 bxc6 25. a5 Na8 26. dxc6+ Kh8 27. Rf7 Re7 28. Bg5 1-0

[Event "Budapest FS07 FM-B"]
[Site "Budapest"]
[Date "2015.07.13"]
[Round "10"]
[White "Voges, Rachelle Mari"]
[Black "Marcu, Simon"]
[Result "0-1"]
[WhiteElo "1587"]
[BlackElo "1921"]
[PlyCount "85"]
[EventDate "2015.07.04"]
[EventType "tourn"]
[EventRounds "11"]
[EventCountry "HUN"]
[SourceTitle "CBM 167 Extra"]
[Source "ChessBase"]
[SourceDate "2015.09.14"]
[SourceVersion "1"]
[SourceVersionDate "2015.09.14"]
[SourceQuality "1"]

1. d4 d5 2. c4 e6 3. Nc3 Nf6 4. Bg5 Be7 5. Nf3 0-0 6. e3 b6 7. cxd5 exd5 8. Bd3 h6 9. Bh4 Bb7 10. 0-0 c5 11. Qc2 Nc6 12. a3 c4 13. Be2 Na5 14. Nd2 a6 15. b4 cxb3 16. Nxb3 Nc4 17. a4 Rc8 18. Nd2 b5 19. axb5 axb5 20. Nxc4 dxc4 21. Rfb1 b4 22. Bxf6 gxf6 23. Na4 Qd5 24. f3 Rc6 25. Nb2 Rfc8 26. Ra7 R6c7 27. Rc1 c3 28. Nd3 Bc6 29. Rxc7 Rxc7 30. Nf4 Qa5 31. Bc4 Qg5 32. Bxf7+ Kxf7 33. Qb3+ Ke8 34. d5 Bd7 35. Rd1 Bd6 36. g3 Qe5 37. Kf2 Kf7 38. h4 Bf5 39. e4 c2 40. Rc1 Qd4+ 41. Ke2 Rc3 42. Qa4 Qe3+ 43. Kf1 0-1

[Event "Budapest FS11 FM-A"]
[Site "Budapest"]
[Date "2014.11.02"]
[Round "2"]
[White "Marcu, Simon"]
[Black "Juracsik, Jozsef"]
[Result "1-0"]
[WhiteElo "1912"]
[BlackElo "2109"]
[PlyCount "83"]
[EventDate "2014.11.01"]
[EventType "tourn"]
[EventRounds "10"]
[EventCountry "HUN"]
[SourceTitle "EXT 2015"]
[Source "ChessBase"]
[SourceDate "2014.11.20"]
[SourceVersion "1"]
[SourceVersionDate "2014.11.20"]
[SourceQuality "1"]

1. d4 f5 2. c4 Nf6 3. Nc3 g6 4. g3 Bg7 5. Bg2 0-0 6. Nf3 d6 7. 0-0 Qe8 8. Nd5 Na6 9. Nxf6+ Rxf6 10. e4 c5 11. e5 dxe5 12. dxe5 Rb6 13. b3 h6 14. Bd2 g5 15. Bc3 Rg6 16. Qd2 Be6 17. Rad1 Rb8 18. a4 b6 19. Ne1 Nc7 20. Bf3 g4 21. Bh1 h5 22. Ng2 Bh6 23. Nf4 Kh7 24. Bb2 Rg8 25. Bc1 Bc8 26. Bd5 Ne6 27. Qd3 Nxf4 28. Bxg8+ Qxg8 29. Bxf4 Bxf4 30. gxf4 Be6 31. Qg3 Qg6 32. Qh4 Qf7 33. Rd2 a6 34. Rfd1 Qe8 35. h3 b5 36. hxg4 fxg4 37. axb5 axb5 38. cxb5 Qf7 39. Rd8 Rxb5 40. R1d7 Bxd7 41. Rxd7 Qxf4 42. Qxe7+ 1-0

[Event "Budapest FS10 FM-B"]
[Site "Budapest"]
[Date "2014.10.09"]
[Round "6"]
[White "Marcu, Simon"]
[Black "Gruz, Janos"]
[Result "1/2-1/2"]
[WhiteElo "1884"]
[BlackElo "1756"]
[PlyCount "27"]
[EventDate "2014.10.04"]
[EventType "tourn"]
[EventRounds "9"]
[EventCountry "HUN"]
[SourceTitle "CBM 162 Extra"]
[Source "ChessBase"]
[SourceDate "2014.10.17"]
[SourceVersion "1"]
[SourceVersionDate "2014.10.17"]
[SourceQuality "1"]

1. d4 d5 2. c4 e6 3. Nc3 a6 4. e3 Nf6 5. cxd5 exd5 6. Nf3 Bg4 7. Be2 Nbd7 8. 0-0 Bd6 9. a4 c6 10. b3 0-0 11. h3 Bh5 12. Ba3 Bxa3 13. Rxa3 Qe7 14. Ra1 1/2-1/2

[Event "Budapest FS09 FM-B"]
[Site "Budapest"]
[Date "2014.09.16"]
[Round "11"]
[White "Lakat, Gyula"]
[Black "Marcu, Simon"]
[Result "1/2-1/2"]
[WhiteElo "1776"]
[BlackElo "1877"]
[PlyCount "21"]
[EventDate "2014.09.06"]
[EventType "tourn"]
[EventRounds "11"]
[EventCountry "HUN"]
[SourceTitle "CBM 162 Extra"]
[Source "ChessBase"]
[SourceDate "2014.10.17"]
[SourceVersion "1"]
[SourceVersionDate "2014.10.17"]
[SourceQuality "1"]

1. d4 d5 2. Nf3 Nf6 3. c4 e6 4. Nc3 Be7 5. cxd5 Nxd5 6. e4 Nxc3 7. bxc3 c5 8. Bb5+ Bd7 9. Bxd7+ Qxd7 10. 0-0 0-0 11. Be3 1/2-1/2

[Event "Budapest FS09 FM-B"]
[Site "Budapest"]
[Date "2014.09.15"]
[Round "10"]
[White "Marcu, Simon"]
[Black "Szlenka, Attila"]
[Result "1/2-1/2"]
[WhiteElo "1877"]
[BlackElo "1764"]
[PlyCount "52"]
[EventDate "2014.09.06"]
[EventType "tourn"]
[EventRounds "11"]
[EventCountry "HUN"]
[SourceTitle "CBM 162 Extra"]
[Source "ChessBase"]
[SourceDate "2014.10.17"]
[SourceVersion "1"]
[SourceVersionDate "2014.10.17"]
[SourceQuality "1"]

1. d4 Nf6 2. c4 g6 3. Nc3 Bg7 4. e4 d6 5. f3 0-0 6. Bd3 e5 7. d5 Nbd7 8. Nge2 Nc5 9. Bc2 a5 10. Na4 b6 11. Nxc5 bxc5 12. 0-0 Qe7 13. Bd2 Bd7 14. a4 Rfb8 15. b3 Qd8 16. Qe1 c6 17. dxc6 Bxc6 18. Nc3 Ne8 19. Rd1 Nc7 20. Nd5 Nxd5 21. exd5 Bd7 22. f4 f5 23. fxe5 Bxe5 24. Bc3 Qf6 25. Bxe5 dxe5 26. Qc3 Qd6 1/2-1/2

[Event "Budapest FS09 FM-B"]
[Site "Budapest"]
[Date "2014.09.06"]
[Round "1"]
[White "Marcu, Simon"]
[Black "Bacsi, Andras"]
[Result "1-0"]
[WhiteElo "1877"]
[BlackElo "1798"]
[PlyCount "101"]
[EventDate "2014.09.06"]
[EventType "tourn"]
[EventRounds "11"]
[EventCountry "HUN"]
[SourceTitle "CBM 162 Extra"]
[Source "ChessBase"]
[SourceDate "2014.10.17"]
[SourceVersion "1"]
[SourceVersionDate "2014.10.17"]
[SourceQuality "1"]

1. d4 Nf6 2. c4 c5 3. d5 e6 4. Nc3 exd5 5. Nxd5 Nxd5 6. Qxd5 d6 7. e3 Nc6 8. Nf3 Be6 9. Qd1 d5 10. cxd5 Qxd5 11. Bd2 Be7 12. Bc3 Qxd1+ 13. Rxd1 0-0 14. b3 a6 15. Be2 Rad8 16. 0-0 Rxd1 17. Rxd1 Rd8 18. Kf1 Rxd1+ 19. Bxd1 f6 20. Ke2 Kf7 21. Bc2 f5 22. e4 fxe4 23. Bxe4 g6 24. Bxc6 bxc6 25. Ne5+ Ke8 26. Nxc6 Bd6 27. Be5 Bf8 28. f3 c4 29. b4 Bd5 30. Nb8 Bxb4 31. Nxa6 Ba5 32. Nc7+ Bxc7 33. Bxc7 Kd7 34. Bb8 Ke6 35. a4 Bb7 36. Ke3 Kd5 37. Kd2 Ba6 38. Kc3 Bb7 39. Ba7 Bc8 40. Kb4 h5 41. h4 Bd7 42. a5 Bc8 43. Be3 Ba6 44. g3 Kc6 45. g4 Kd5 46. gxh5 gxh5 47. f4 Ke4 48. Bc1 Kd5 49. Bd2 Kd4 50. Bc3+ Kd5 51. f5 1-0

[Event "Budapest FS06 FM-A"]
[Site "Budapest"]
[Date "2014.06.15"]
[Round "9"]
[White "Marcu, Simon"]
[Black "Bartha, Sandor"]
[Result "0-1"]
[WhiteElo "1859"]
[BlackElo "2048"]
[PlyCount "76"]
[EventDate "2014.06.07"]
[EventType "tourn"]
[EventRounds "11"]
[EventCountry "HUN"]
[SourceTitle "CBM 160 Extra"]
[Source "ChessBase"]
[SourceDate "2014.07.01"]
[SourceVersion "1"]
[SourceVersionDate "2014.07.01"]
[SourceQuality "1"]

1. d4 Nf6 2. c4 c6 3. Nc3 d5 4. e3 e6 5. Nf3 Be7 6. Bd3 dxc4 7. Bxc4 0-0 8. 0-0 Nbd7 9. e4 b5 10. Bd3 b4 11. Na4 h6 12. Be3 Bb7 13. Nc5 Nxc5 14. dxc5 Qa5 15. Nd2 Rfd8 16. Nb3 Qc7 17. Qe2 a5 18. Rfd1 Nd7 19. Rac1 Bf6 20. f4 a4 21. Na1 Qa5 22. e5 Be7 23. Qf2 Nf8 24. Nc2 Rd7 25. Bc4 Rxd1+ 26. Rxd1 Ba6 27. Bxa6 Rxa6 28. f5 exf5 29. Qxf5 Bxc5 30. Rd7 Nxd7 31. Qxd7 Ra8 32. Qxc6 Bxe3+ 33. Nxe3 Rf8 34. Nd5 Qa7+ 35. Kf1 Kh8 36. h3 Qd4 37. Qd6 Rc8 38. Nc7 Qc4+ 0-1

[Event "Budapest FS04 FM-A"]
[Site "Budapest"]
[Date "2014.04.09"]
[Round "5"]
[White "Marcu, Simon"]
[Black "Kis, Bela"]
[Result "0-1"]
[WhiteElo "1844"]
[BlackElo "2050"]
[PlyCount "86"]
[EventDate "2014.04.05"]
[EventType "tourn"]
[EventRounds "9"]
[EventCountry "HUN"]
[SourceTitle "CBM 159 Extra"]
[Source "ChessBase"]
[SourceDate "2014.04.24"]
[SourceVersion "1"]
[SourceVersionDate "2014.04.24"]
[SourceQuality "1"]

1. d4 Nf6 2. c4 e6 3. a3 d5 4. e3 Be7 5. Nf3 Nbd7 6. Nc3 0-0 7. Be2 b6 8. 0-0 Bb7 9. b3 c5 10. Bb2 Rc8 11. Rc1 Bd6 12. dxc5 bxc5 13. Qd2 Bb8 14. cxd5 exd5 15. Na4 Qe7 16. Rfd1 Rfe8 17. Re1 Ne4 18. Qd1 Ndf6 19. h3 Nxf2 20. Qd2 Bg3 21. Bxf6 gxf6 22. Rf1 Ne4 23. Qc2 Nd6 24. Bd3 Qxe3+ 25. Kh1 Ne4 26. Bxe4 dxe4 27. Nh2 Qg5 28. Ng4 Bf4 29. Qc3 Re6 30. Rc2 f5 31. Nh2 Be5 32. Qe1 Rh6 33. Nxc5 e3 34. Nf3 Bxf3 35. Rxf3 f4 36. Ne4 Qf5 37. Rxc8+ Qxc8 38. b4 Qc2 39. Ng5 Rg6 40. h4 h6 41. g4 fxg3 42. Qg1 hxg5 43. Rxe3 Rh6 0-1

[Event "Budapest FS04 FM-A"]
[Site "Budapest"]
[Date "2014.04.05"]
[Round "1"]
[White "Bartha, Sandor"]
[Black "Marcu, Simon"]
[Result "1-0"]
[WhiteElo "2102"]
[BlackElo "1844"]
[PlyCount "73"]
[EventDate "2014.04.05"]
[EventType "tourn"]
[EventRounds "9"]
[EventCountry "HUN"]
[SourceTitle "CBM 159 Extra"]
[Source "ChessBase"]
[SourceDate "2014.04.24"]
[SourceVersion "1"]
[SourceVersionDate "2014.04.24"]
[SourceQuality "1"]

1. d4 d5 2. Nf3 Nf6 3. e3 e6 4. c4 c5 5. cxd5 Nxd5 6. Bb5+ Bd7 7. Bxd7+ Nxd7 8. 0-0 cxd4 9. Nxd4 Bc5 10. a3 a5 11. b3 0-0 12. Bb2 Qb6 13. Nd2 N7f6 14. Nc4 Qa6 15. Qf3 b5 16. Ne5 Rac8 17. Qe2 Bxd4 18. Bxd4 Qb7 19. Ng4 Nxg4 20. Qxg4 f5 21. Qe2 Rf7 22. Qd2 b4 23. axb4 axb4 24. h3 Qb5 25. Rfc1 Rfc7 26. Rxc7 Rxc7 27. Ra8+ Kf7 28. Qd1 Kg6 29. Qf3 Qd7 30. Be5 Rb7 31. Rg8 Nf6 32. Qg3+ Kh6 33. Bxf6 Qd1+ 34. Kh2 gxf6 35. Qh4+ Qh5 36. Qxf6+ Qg6 37. Rxg6+ 1-0